000 00924nam a2200265 4500
001 04880
003 HDC
007 cr bn ---aaaaa
008 210118t2004 flu bi 000 0 eng
020 _a0849317489
040 _aHDC
050 _aRS200.N53 2004
082 _a615.19
100 _aNiazi, Sarfaraz,
_d1949-
_eauthor
_95092
245 0 _aHANDBOOK OF Pharmaceutical Manufacturing Formulations : Liquid Products.
_nVOLUME 3 /
_cSarfaraz K. Niazi
260 _aBoca Raton, Florida :
_bCRC Press,
_c©2004
336 _atext
_2rdacontent
337 _acomputer
_2rdamedia
338 _aonline resource
_2rdacarrier
650 _aDrugs
_xDosage forms
_vHandbooks, manuals, etc.
_95090
856 _zRequest full-text at [email protected]
942 _2lcc
942 _cCHAP
942 _kEBCH 000982
999 _c2204
_d2204